[Event "Offene Hessische Senioren Einzelmeisters"]
[Site "Bad Sooden- Allendorf"]
[Date "2011.05.01"]
[Round "2.30"]
[White "Blab, Ludwig"]
[Black "Causevic, Ismet"]
[Result "0-1"]
[WhiteElo "2146"]
[BlackElo "1946"]
[PlyCount "120"]
[EventDate "2011.??.??"]

1. c4 c5 2. Nf3 Nf6 3. g3 g6 4. Bg2 Bg7 5. O-O O-O 6. Nc3 Nc6 7. d4 cxd4 8.
Nxd4 a6 9. e3 Qc7 10. b3 b6 11. Bb2 Bb7 12. Rc1 e6 13. Qe2 Nxd4 14. exd4 Bxg2
15. Kxg2 Qb7+ 16. f3 Rac8 17. Ba3 Rfe8 18. Bd6 Bf8 19. Be5 Be7 20. b4 d6 21.
Bxf6 Bxf6 22. Ne4 Be7 23. c5 dxc5 24. dxc5 bxc5 25. bxc5 Rc6 26. Rfd1 Qb8 27.
Rb1 Qc7 28. Qb2 f5 29. Nd6 Bxd6 30. Rxd6 Rxd6 31. cxd6 Qxd6 32. Qe2 Rd8 33. Rb2
Rd7 34. Qe3 Kf7 35. Qh6 Kg8 36. Qe3 e5 37. Re2 Re7 38. Rd2 Qc7 39. Qb3+ Kg7 40.
Rc2 Qd6 41. Qc3 Qd4 42. Qxd4 exd4 43. Kf2 Kf6 44. Rd2 Rd7 45. Ke2 Ke5 46. Kd3
Kd5 47. Re2 Rc7 48. f4 Rc3+ 49. Kd2 Ra3 50. Kc1 Re3 51. Rg2 Ke4 52. Rf2 Kd3 53.
Kd1 Ke4 54. Kd2 Ra3 55. Re2+ Kf3 56. Kd1 Rd3+ 57. Rd2 Ke3 58. Rxd3+ Kxd3 59. a4
a5 60. h3 h6 0-1

[Event "Offene Hessische Senioren Einzelmeisters"]
[Site "Bad Sooden- Allendorf"]
[Date "2011.05.01"]
[Round "2.31"]
[White "Fleischer, Martin"]
[Black "Arp, Frans"]
[Result "0-1"]
[WhiteElo "1879"]
[BlackElo "2101"]
[PlyCount "61"]
[EventDate "2011.??.??"]

1. e4 e5 2. Nf3 Nc6 3. d4 exd4 4. Nxd4 Bc5 5. c3 Qf6 6. Be3 Nge7 7. Qd3 Ne5 8.
Qe2 d6 9. h3 N7g6 10. Nd2 O-O 11. O-O-O Nf4 12. Bxf4 Qxf4 13. g3 Qh6 14. Bg2
Be6 15. Kb1 b5 16. Nxb5 c6 17. Nd4 Rab8 18. b3 Qg6 19. f4 Qxg3 20. fxe5 Qxc3
21. N2f3 Bxd4 22. Nxd4 dxe5 23. Rd3 Qc5 24. Rc1 Bc4 25. Nf5 Qb4 26. Qe3 g6 27.
Nh6+ Kg7 28. Ng4 g5 29. h4 h5 30. Nh2 g4 31. Nf1 {
weitere 15 Züge nicht rekonstruierbar} 0-1

[Event "Offene Hessische Senioren Einzelmeisters"]
[Site "Bad Sooden- Allendorf"]
[Date "2011.05.01"]
[Round "2.32"]
[White "Gousseinov, Aguif"]
[Black "Smits, Oswald"]
[Result "1-0"]
[WhiteElo "1979"]
[BlackElo "1870"]
[PlyCount "65"]
[EventDate "2011.??.??"]

1. e4 d6 2. d4 g6 3. Nc3 Bg7 4. f4 Nf6 5. Nf3 O-O 6. Bd3 e6 7. O-O Nc6 8. a3
Ne7 9. Qe1 c5 10. e5 Nfd5 11. exd6 Qxd6 12. Ne4 Qc7 13. dxc5 Nxf4 14. Bxf4 Qxf4
15. c3 Nf5 16. Nd4 Qe3+ 17. Qxe3 Nxe3 18. Rf3 Nf5 19. Nxf5 exf5 20. Nd6 Be5 21.
Bb5 a6 22. Ba4 b5 23. Bb3 Kg7 24. Re1 f6 25. Rd3 Ra7 26. Bd1 Re7 27. Be2 Be6
28. b4 Rd7 29. Red1 Rfd8 30. Bf3 Bxd6 31. Rxd6 Kf7 32. Rxd7+ Bxd7 33. c6 1-0

[Event "Offene Hessische Senioren Einzelmeisters"]
[Site "Bad Sooden- Allendorf"]
[Date "2011.05.01"]
[Round "2.33"]
[White "Blosze, Winfried"]
[Black "Hunold, Rolf"]
[Result "1-0"]
[WhiteElo "1956"]
[BlackElo "2122"]
[PlyCount "78"]
[EventDate "2011.??.??"]

1. e4 c5 2. d4 cxd4 3. c3 d3 4. Bxd3 Nc6 5. Nf3 d6 6. Nd4 Nf6 7. O-O g6 8. Nxc6
bxc6 9. c4 Bg7 10. Nc3 O-O 11. Rb1 Be6 12. Bg5 Ng4 13. Qa4 Qc7 14. h3 Ne5 15.
Be2 f5 16. f4 Nd7 17. Qa3 Nc5 18. exf5 Bxf5 19. Rbd1 Rf7 20. b4 Ne4 21. Nxe4
Bxe4 22. Bf3 Bxf3 23. Rxf3 Raf8 24. Rdf1 d5 25. cxd5 cxd5 26. Kh1 h6 27. Bh4
Rxf4 28. Bg3 Rxf3 29. Rxf3 Rxf3 30. Qxf3 Qd7 31. Qd3 Kf7 32. b5 Bf6 33. a4 h5
34. a5 e5 35. b6 axb6 36. axb6 e4 37. Qa6 e3 38. b7 Be5 39. Bxe5 e2 1-0

[Event "Offene Hessische Senioren Einzelmeisters"]
[Site "Bad Sooden- Allendorf"]
[Date "2011.05.01"]
[Round "2.34"]
[White "Thieme, Hans"]
[Black "Held, Helmut"]
[Result "1-0"]
[WhiteElo "2101"]
[BlackElo "1999"]
[PlyCount "115"]
[EventDate "2011.??.??"]

1. e4 e6 2. d4 d5 3. Nc3 Bb4 4. Bd2 dxe4 5. Qg4 Qxd4 6. Nf3 h5 7. Qh4 Qf6 8.
Qxe4 Nc6 9. Bb5 Bd7 10. Bxc6 Bxc6 11. Qxb4 Qf5 12. O-O-O a5 13. Qf4 Ne7 14.
Qxf5 Nxf5 15. Bf4 Rc8 16. Rhg1 f6 17. Nd2 b6 18. f3 h4 19. h3 g5 20. Bh2 Kf7
21. Rge1 Rhe8 22. Nde4 Kg6 23. a4 e5 24. Bg1 Re7 25. b3 Ng7 26. Nb5 Rce8 27.
Nec3 Nh5 28. Nd5 Bxd5 29. Rxd5 c6 30. Rd2 cxb5 31. axb5 Re6 32. Re4 Rc8 33. Kb2
Ng7 34. Rd7 Nf5 35. Re2 Rd6 36. Rxd6 Nxd6 37. Bxb6 Nxb5 38. Bxa5 Kf5 39. Be1
Ke6 40. c3 Kd6 41. Rd2+ Kc6 42. Bf2 Nd6 43. Re2 Rb8 44. b4 f5 45. Kb3 e4 46. c4
Re8 47. b5+ Nxb5 48. cxb5+ Kxb5 49. fxe4 fxe4 50. Kc3 Rc8+ 51. Kd4 Rc4+ 52. Ke5
g4 53. hxg4 e3 54. Bxh4 Rxg4 55. g3 Kc6 56. Rxe3 Rg8 57. Rd3 Kc7 58. Bf6 1-0

[Event "Offene Hessische Senioren Einzelmeisters"]
[Site "Bad Sooden- Allendorf"]
[Date "2011.05.01"]
[Round "2.35"]
[White "Sailer, Hans-Peter"]
[Black "Geisensetter, Franz"]
[Result "1/2-1/2"]
[WhiteElo "1904"]
[BlackElo "2082"]
[PlyCount "37"]
[EventDate "2011.??.??"]

1. e4 d5 2. exd5 Nf6 3. d4 Nxd5 4. c4 Nb6 5. Nc3 g6 6. Nf3 Bg7 7. Be2 O-O 8.
O-O Bg4 9. c5 N6d7 10. Bf4 c6 11. Re1 b6 12. Na4 Re8 13. Rc1 Be6 14. b3 Bd5 15.
Qd2 e5 16. dxe5 Nxe5 17. Nxe5 Bxe5 18. Bf3 Bxf4 19. Qxf4 1/2-1/2

[Event "Offene Hessische Senioren Einzelmeisters"]
[Site "Bad Sooden- Allendorf"]
[Date "2011.05.01"]
[Round "2.36"]
[White "Kluger, Hans-Peter"]
[Black "Krebs, Dietmar"]
[Result "1/2-1/2"]
[WhiteElo "1944"]
[BlackElo "2118"]
[PlyCount "99"]
[EventDate "2011.??.??"]

1. e4 c5 2. Nf3 d6 3. Bc4 e6 4. O-O Nf6 5. Re1 Be7 6. d4 cxd4 7. Nxd4 a6 8. Nc3
O-O 9. a4 Qc7 10. Bd3 e5 11. Nde2 Be6 12. Ng3 Nbd7 13. h3 Nc5 14. Be3 Nxd3 15.
cxd3 b6 16. Rc1 Qb7 17. d4 b5 18. d5 Bd7 19. Qb3 b4 20. a5 Bd8 21. Ra1 Rb8 22.
Nce2 Qb5 23. f4 Bxa5 24. Kh2 Bb6 25. Bxb6 Qxb6 26. fxe5 dxe5 27. Qa2 Ra8 28.
Qa5 Qxa5 29. Rxa5 Bb5 30. Ng1 g6 31. Nf3 Nd7 32. Rc1 Rac8 33. Raa1 f6 34. Nd2
Nc5 35. Ngf1 Nd3 36. Rcb1 Rc2 37. b3 Rfc8 38. Rd1 Nf2 39. Re1 Rb2 40. Nc4 Bxc4
41. bxc4 Rxc4 42. Rxa6 Nxe4 43. d6 Nc5 44. Rc6 Rc3 45. Rc7 Rd3 46. Rxc5 Rxd6
47. Rb5 b3 48. Rb7 Rd3 49. Rc1 Rc2 50. Rb1 1/2-1/2

[Event "Offene Hessische Senioren Einzelmeisters"]
[Site "Bad Sooden- Allendorf"]
[Date "2011.05.01"]
[Round "2.37"]
[White "Simon, Eberhard"]
[Black "Kahn, Peter"]
[Result "0-1"]
[WhiteElo "1997"]
[BlackElo "2083"]
[PlyCount "120"]
[EventDate "2011.??.??"]

1. e4 e5 2. Nf3 Nc6 3. Bb5 g6 4. O-O Bg7 5. c3 a6 6. Ba4 d6 7. d3 Bd7 8. Nbd2
Nge7 9. Re1 O-O 10. Nf1 Qe8 11. Ne3 f5 12. exf5 gxf5 13. Bb3+ Kh8 14. Nd5 Nxd5
15. Bxd5 Qh5 16. Ng5 Qg6 17. h4 f4 18. Be4 Bf5 19. Qf3 Bxe4 20. Qxe4 Qxe4 21.
dxe4 Bf6 22. Nf3 Rg8 23. Kh2 Rg4 24. g3 Rag8 25. Rg1 fxg3+ 26. Rxg3 Rxe4 27.
Bg5 Bxg5 28. Rxg5 Rxh4+ 29. Kg3 Rf4 30. Rxg8+ Kxg8 31. Ng5 Ne7 32. Ne6 Nf5+ 33.
Kg2 Rc4 34. Rh1 Kf7 35. Nd8+ Kg6 36. Nxb7 h5 37. Kf3 Rf4+ 38. Ke2 h4 39. Nd8
Kf6 40. Nc6 a5 41. a3 a4 42. Nb4 Ke6 43. Rh3 e4 44. Na6 c5 45. Nc7+ Ke5 46. Na6
Kd5 47. Rh2 Kc4 48. Nc7 Kb3 49. Nd5 Rg4 50. Nf6 Rg6 51. Nxe4 Kxb2 52. Rh3 Kxa3
53. c4+ Kb4 54. Nd2 Nd4+ 55. Kd3 a3 56. Rxh4 Rg7 57. Rh1 a2 58. Ra1 Ra7 59. f4
Nb3 60. Nxb3 Kxb3 0-1

[Event "Offene Hessische Senioren Einzelmeisters"]
[Site "Bad Sooden- Allendorf"]
[Date "2011.05.01"]
[Round "2.38"]
[White "Haase, Wolfgang"]
[Black "Burckhardt, Karl"]
[Result "1-0"]
[WhiteElo "2100"]
[BlackElo "1974"]
[PlyCount "57"]
[EventDate "2011.??.??"]

1. e4 d6 2. d4 Nf6 3. Nc3 Nbd7 4. Nf3 e5 5. Bc4 exd4 6. Nxd4 Be7 7. O-O O-O 8.
f4 Re8 9. Nf3 Nb6 10. Bb3 Be6 11. Qe2 Bxb3 12. axb3 Bf8 13. Qd3 Nbd7 14. Be3 a6
15. b4 Qe7 16. Rae1 g6 17. Bd4 c5 18. bxc5 dxc5 19. Bxf6 Nxf6 20. e5 Nh5 21.
Nd5 Qd8 22. g4 Ng7 23. Nf6+ Kh8 24. Ng5 Re7 25. Qh3 h5 26. gxh5 gxh5 27. Nxh5
Qd7 28. f5 Qd4+ 29. Rf2 1-0

[Event "Offene Hessische Senioren Einzelmeisters"]
[Site "Bad Sooden- Allendorf"]
[Date "2011.05.01"]
[Round "2.39"]
[White "Reimann, Günther"]
[Black "Schwertel, Johann"]
[Result "1/2-1/2"]
[WhiteElo "1959"]
[BlackElo "2026"]
[PlyCount "65"]
[EventDate "2011.??.??"]

1. c4 e5 2. Nf3 Nc6 3. d3 Nf6 4. Nbd2 Be7 5. g3 O-O 6. Bg2 d6 7. O-O Bg4 8. a3
Qd7 9. b4 Bh3 10. b5 Nd8 11. a4 Bxg2 12. Kxg2 Ne6 13. h3 c5 14. Ne4 Nh5 15. Nc3
f5 16. e3 g6 17. Nd5 Bd8 18. Bb2 Nf6 19. Qe2 Nxd5 20. cxd5 Ng7 21. e4 a6 22.
Rfb1 a5 23. Rh1 b6 24. Raf1 fxe4 25. dxe4 Nh5 26. Bc1 Rf7 27. Bg5 Be7 28. Bh6
Re8 29. Ng5 Bxg5 30. Bxg5 Ref8 31. Bh6 Rc8 32. Rc1 Qe7 33. Rhf1 {
weitere 27 Züge nicht rekonstruierbar} 1/2-1/2

[Event "Offene Hessische Senioren Einzelmeisters"]
[Site "Bad Sooden- Allendorf"]
[Date "2011.05.01"]
[Round "2.40"]
[White "Kienel, Norbert"]
[Black "Peleikis, Horst"]
[Result "0-1"]
[WhiteElo "1875"]
[BlackElo "2064"]
[PlyCount "52"]
[EventDate "2011.??.??"]

1. d4 Nf6 2. c4 g6 3. Nc3 Bg7 4. e4 d6 5. h3 O-O 6. Nf3 Nbd7 7. Be3 e5 8. d5
Nc5 9. Qc2 b6 10. Be2 a5 11. O-O Nh5 12. Rad1 Nf4 13. Kh2 f5 14. g3 Nxe2 15.
Qxe2 f4 16. Bc1 g5 17. Ne1 Bd7 18. g4 Bf6 19. f3 Kg7 20. Kg2 h5 21. Rf2 Rh8 22.
Kf1 Rh6 23. Rg2 Qh8 24. h4 hxg4 25. hxg5 Bxg5 26. fxg4 Rh1+ {
weitere 8 Züge nicht rekonstruierbar} 0-1

[Event "Offene Hessische Senioren Einzelmeisters"]
[Site "Bad Sooden- Allendorf"]
[Date "2011.05.01"]
[Round "2.41"]
[White "Romanow, Werner"]
[Black "Kirchberg, Hans-Georg"]
[Result "1/2-1/2"]
[WhiteElo "2097"]
[BlackElo "1538"]
[PlyCount "125"]
[EventDate "2011.??.??"]

1. c4 Nf6 2. Nc3 e6 3. g3 d5 4. Bg2 c6 5. b3 Be7 6. Nf3 Nbd7 7. O-O O-O 8. Bb2
b6 9. d3 Bb7 10. e3 Qc7 11. Rc1 dxc4 12. bxc4 Rfd8 13. Qe2 h6 14. Rfd1 c5 15.
h3 a6 16. Kh2 Bd6 17. Ne1 Bxg2 18. Nxg2 Qb7 19. a4 Ne5 20. e4 Nc6 21. f4 Nd4
22. Qf2 Bc7 23. Ne1 Rd7 24. Rb1 Rad8 25. Ne2 e5 26. Nxd4 exd4 27. Bc1 Qc6 28.
Qc2 Nh5 29. Qe2 Nf6 30. Bd2 Kh7 31. Qf3 Ng8 32. Ra1 Rb8 33. Rdb1 Rdd8 34. Qg4
Ne7 35. f5 Ng8 36. Bf4 Nf6 37. Qf3 Bxf4 38. Qxf4 Nh5 39. Qh4 Nf6 40. Nf3 Nd7
41. Ra2 Re8 42. Qf4 b5 43. axb5 axb5 44. Rab2 b4 45. g4 Ra8 46. g5 Ra3 47. Rd2
Rea8 48. Rg1 Ra2 49. gxh6 Qxh6 50. Qxh6+ Kxh6 51. Rgg2 Rxd2 52. Rxd2 b3 53. Kg3
Ra2 54. Rd1 Nb6 55. e5 b2 56. Rb1 Na4 57. e6 fxe6 58. fxe6 Kg6 59. Rf1 Ra1 60.
Ne5+ Kh7 61. e7 Rxf1 62. e8=Q b1=Q 63. Qg6+ 1/2-1/2

[Event "Offene Hessische Senioren Einzelmeisters"]
[Site "Bad Sooden- Allendorf"]
[Date "2011.05.01"]
[Round "2.42"]
[White "Baum, Dr. Bernd"]
[Black "Neumann, Dr. Peter"]
[Result "1-0"]
[WhiteElo "2267"]
[BlackElo "1888"]
[PlyCount "93"]
[EventDate "2011.??.??"]

1. c4 Nf6 2. g3 g6 3. Bg2 Bg7 4. Nc3 d6 5. e4 Nbd7 6. Nge2 e5 7. d3 O-O 8. O-O
a5 9. f4 exf4 10. gxf4 Nh5 11. Be3 Ndf6 12. h3 c6 13. Kh2 Bd7 14. Qd2 Qc7 15.
Rac1 Rae8 16. Ng1 Re7 17. d4 Qb8 18. e5 Ne8 19. Nf3 f6 20. Rce1 fxe5 21. dxe5
Rff7 22. Ng5 Rf8 23. exd6 Qxd6 24. Qxd6 Nxd6 25. Bc5 Rxe1 26. Rxe1 Rf6 27. Rd1
Bf8 28. Bd4 Rf5 29. Be5 Nxc4 30. Bc7 Nf6 31. Nce4 Be8 32. Rd8 Bf7 33. b3 Nd5
34. Bd6 Nxd6 35. Nxd6 Rxf4 36. Ndxf7 Rf2 37. Kg3 Rxf7 38. Nxf7 Kxf7 39. Bxd5+
cxd5 40. Rxd5 b6 41. Rd7+ Kg8 42. Kf4 h6 43. Ke5 Bb4 44. Kf6 g5 45. Kg6 Bf8 46.
Rb7 Bc5 47. Rb8+ 1-0

[Event "Offene Hessische Senioren Einzelmeisters"]
[Site "Bad Sooden- Allendorf"]
[Date "2011.05.01"]
[Round "2.43"]
[White "Zunker, Dr. Reinhard"]
[Black "Mertens, Gottfried"]
[Result "1-0"]
[WhiteElo "2211"]
[BlackElo "1982"]
[PlyCount "81"]
[EventDate "2011.??.??"]

1. e4 e6 2. d4 d5 3. Nc3 Nf6 4. e5 Ne4 5. Nxe4 dxe4 6. Bc4 Nc6 7. c3 Na5 8. Be2
c5 9. Be3 cxd4 10. Qa4+ Nc6 11. Bxd4 Bd7 12. Be3 Qa5 13. Qxa5 Nxa5 14. O-O-O
Nc6 15. f4 Be7 16. Nh3 f5 17. g4 O-O-O 18. Rhg1 g6 19. gxf5 exf5 20. Ng5 Bxg5
21. Rxg5 Be6 22. b3 Rxd1+ 23. Kxd1 Rd8+ 24. Kc2 Kc7 25. h4 b6 26. Rg1 Ne7 27.
c4 h5 28. Kc3 Bf7 29. Bc1 Ng8 30. Ba3 Nh6 31. Bd6+ Kb7 32. b4 Ng4 33. Kd4 Rc8
34. c5 Nf2 35. Bb5 bxc5+ 36. bxc5 a6 37. Bd7 Rg8 38. c6+ Ka8 39. e6 Be8 40. c7
Bxd7 41. exd7 1-0

[Event "Offene Hessische Senioren Einzelmeisters"]
[Site "Bad Sooden- Allendorf"]
[Date "2011.05.01"]
[Round "2.44"]
[White "Biller, Dr. Helmut"]
[Black "Hoffmann, Erich"]
[Result "1/2-1/2"]
[WhiteElo "2139"]
[BlackElo "1914"]
[PlyCount "51"]
[EventDate "2011.??.??"]

1. d4 Nf6 2. c4 e5 3. dxe5 Ne4 4. a3 Nc6 5. Nf3 d6 6. exd6 Bxd6 7. e3 O-O 8.
Bd3 Nc5 9. Be2 Bg4 10. Nc3 a5 11. b3 Qf6 12. Bb2 Bxf3 13. Bxf3 Ne5 14. Be2 Qg6
15. O-O Ned3 16. Bxd3 Nxd3 17. Qe2 Nxb2 18. Qxb2 Be5 19. Rac1 Rad8 20. Qc2 Qxc2
21. Rxc2 Rd3 22. Rfc1 Ra8 23. Kf1 Bd6 24. Ra2 Be5 25. Rac2 Bd6 26. Ra2 1/2-1/2

[Event "Offene Hessische Senioren Einzelmeisters"]
[Site "Bad Sooden- Allendorf"]
[Date "2011.05.01"]
[Round "2.45"]
[White "Gunnarson, Leif"]
[Black "Papapostolou, Christo"]
[Result "0-1"]
[WhiteElo "1745"]
[BlackElo "2105"]
[PlyCount "73"]
[EventDate "2011.??.??"]

1. e4 c5 2. Nf3 d6 3. d4 cxd4 4. Nxd4 Nf6 5. Nc3 a6 6. Be2 Qc7 7. O-O e6 8. Be3
Nbd7 9. f3 Be7 10. Qd2 Nb6 11. Nb3 Nc4 12. Bxc4 Qxc4 13. a3 O-O 14. Qf2 Bd7 15.
Rad1 Qc7 16. Bb6 Qb8 17. Rd2 Bc6 18. Rfd1 Nd7 19. Bd4 Qc7 20. Qg3 e5 21. Be3
Kh8 22. Qh3 b5 23. g4 a5 24. Rg2 Nb6 25. g5 Nc4 26. Bc1 a4 27. f4 exf4 28. Nd4
Bd7 29. Qf3 Ne3 30. Bxe3 fxe3 31. Qxe3 Qb7 32. Nd5 Bd8 33. Kh1 Bb6 34. c3 Bc5
35. Qf4 Qc8 36. Nf5 Bxf5 37. exf5 0-1

[Event "Offene Hessische Senioren Einzelmeisters"]
[Site "Bad Sooden- Allendorf"]
[Date "2011.05.01"]
[Round "2.46"]
[White "Hobusch, Werner"]
[Black "Draxler, Gottfried"]
[Result "1-0"]
[WhiteElo "2150"]
[BlackElo "1813"]
[PlyCount "53"]
[EventDate "2011.??.??"]

1. e4 c5 2. Nf3 d6 3. d4 cxd4 4. Nxd4 Nf6 5. Nc3 a6 6. g3 b5 7. Bg2 Bb7 8. O-O
e6 9. a3 Qc7 10. Bg5 Be7 11. Bxf6 Bxf6 12. Ndxb5 axb5 13. Nxb5 Qb6 14. Nxd6+
Ke7 15. Nxb7 Nc6 16. Qd6+ Ke8 17. e5 Rc8 18. exf6 Qxb7 19. fxg7 Rg8 20. Rad1
Rxg7 21. Bxc6+ Qxc6 22. Qxc6+ Rxc6 23. Rd2 Ke7 24. Rc1 Rg8 25. c4 Rgc8 26. Rdc2
Ra8 27. Rc3 1-0

[Event "Offene Hessische Senioren Einzelmeisters"]
[Site "Bad Sooden- Allendorf"]
[Date "2011.05.01"]
[Round "2.47"]
[White "Heinzel, Peter"]
[Black "Droese, Dr. Manfred"]
[Result "1-0"]
[WhiteElo "2078"]
[BlackElo "1844"]
[PlyCount "65"]
[EventDate "2011.??.??"]

1. c4 Nf6 2. g3 e5 3. Bg2 d5 4. cxd5 Nxd5 5. d3 Nb6 6. Nc3 Be7 7. Nf3 Nc6 8.
O-O O-O 9. h3 Be6 10. a3 f6 11. b4 Qd7 12. Kh2 Rfd8 13. Bb2 Qc8 14. Rc1 Nd4 15.
Nxd4 Rxd4 16. Qc2 Rd8 17. Rfd1 c6 18. Ne4 Bd5 19. Nd2 Bxg2 20. Kxg2 Qe6 21. Nb3
Rac8 22. d4 exd4 23. Nxd4 Qf7 24. Nf5 Rxd1 25. Rxd1 Rd8 26. e4 Rxd1 27. Qxd1
Bf8 28. Qg4 Qg6 29. Qf3 Qf7 30. Bd4 Nc8 31. Qg4 Kh8 32. Nxg7 Nb6 33. Nh5 1-0

[Event "Offene Hessische Senioren Einzelmeisters"]
[Site "Bad Sooden- Allendorf"]
[Date "2011.05.01"]
[Round "2.48"]
[White "Noble, Alexander"]
[Black "Grams, Arthur"]
[Result "1-0"]
[WhiteElo "2045"]
[BlackElo "1940"]
[PlyCount "71"]
[EventDate "2011.??.??"]

1. e4 e5 2. Bc4 Nf6 3. Nf3 d5 4. exd5 Nxd5 5. Nxe5 Be6 6. d4 Bd6 7. O-O O-O 8.
f4 f5 9. Qe2 Re8 10. Nc3 c6 11. Nxd5 cxd5 12. Bd3 Nd7 13. c3 Nf6 14. Bd2 Ne4
15. Be1 Rc8 16. Rf3 Qf6 17. Rh3 Bxe5 18. dxe5 Qg6 19. Bf2 b6 20. Bd4 Rc7 21.
Kh1 Bd7 22. a4 Re6 23. c4 Rec6 24. cxd5 Rc1+ 25. Rxc1 Rxc1+ 26. Bg1 Qg4 $11 27.
Rf3 Bxa4 28. Bxe4 Bd1 29. Qb5 h5 30. Qe8+ Kh7 31. Rg3 Qxg3 32. hxg3 fxe4 33. f5
Bg4 34. Qg6+ Kg8 35. f6 Rc7 36. e6 1-0

[Event "Offene Hessische Senioren Einzelmeisters"]
[Site "Bad Sooden- Allendorf"]
[Date "2011.05.01"]
[Round "2.49"]
[White "Jung, Prof. Michael"]
[Black "Grabitz, Dr. Georg"]
[Result "1/2-1/2"]
[WhiteElo "1833"]
[BlackElo "2093"]
[PlyCount "30"]
[EventDate "2011.??.??"]

1. c4 Nf6 2. Nc3 c5 3. g3 e6 4. e4 Nc6 5. Bg2 d5 6. cxd5 exd5 7. exd5 Nb4 8. d4
cxd4 9. a3 Nbxd5 10. Qxd4 Be6 11. Nge2 Be7 12. O-O O-O 13. Nf4 Nxf4 14. Qxd8
Raxd8 15. Bxf4 Rd7 1/2-1/2

[Event "Offene Hessische Senioren Einzelmeisters"]
[Site "Bad Sooden- Allendorf"]
[Date "2011.05.01"]
[Round "2.50"]
[White "Mentel, Dr. Jürgen"]
[Black "Viererbe, Hartmut"]
[Result "1/2-1/2"]
[WhiteElo "2129"]
[BlackElo "1893"]
[PlyCount "66"]
[EventDate "2011.??.??"]

1. e4 c5 2. Nf3 Nf6 3. e5 Nd5 4. Nc3 e6 5. Bc4 Nb6 6. Be2 Nc6 7. d3 d6 8. exd6
Bxd6 9. Ne4 O-O 10. Be3 Qe7 11. c3 e5 12. Qc2 Nd5 13. Bd2 Nf4 14. Bf1 Bg4 15.
Ng1 Rad8 16. g3 Ne6 17. f3 Bh5 18. O-O-O Bb8 19. h4 Bg6 20. Ng5 h6 21. Ne4 b5
22. Be3 f5 23. Nf2 b4 24. Kb1 bxc3 25. bxc3 f4 26. gxf4 exf4 27. Bc1 Be5 28.
Ne4 Rb8+ 29. Ka1 Nb4 30. Qd2 Bxe4 31. fxe4 Qf6 32. Bb2 Nc6 33. Nf3 Rb7 1/2-1/2

[Event "Offene Hessische Senioren Einzelmeisters"]
[Site "Bad Sooden- Allendorf"]
[Date "2011.05.01"]
[Round "2.51"]
[White "Bachmann, Rolf"]
[Black "Fritsch, Wolfgang"]
[Result "1-0"]
[WhiteElo "2039"]
[BlackElo "1847"]
[PlyCount "63"]
[EventDate "2011.??.??"]

1. d4 Nf6 2. c4 e6 3. Nc3 d5 4. e3 a6 5. Nf3 c5 6. Be2 Nc6 7. cxd5 exd5 8. O-O
cxd4 9. Nxd4 Be7 10. a3 Qb6 11. Re1 Nxd4 12. exd4 Be6 13. Na4 Qd8 14. Bf4 O-O
15. Rc1 Bd6 16. Bxd6 Qxd6 17. Nc5 Bc8 18. Bf3 b6 19. Nd3 Bb7 20. Ne5 Rac8 21.
Re3 Rxc1 22. Qxc1 Rc8 23. Rc3 Rxc3 24. Qxc3 g6 25. g3 Kg7 26. h4 h5 27. Qe3 Bc8
$11 28. Qf4 Be6 29. Nxg6 Qxf4 30. Nxf4 Kh6 31. Kf1 Bg4 32. Bxd5 1-0

[Event "Offene Hessische Senioren Einzelmeisters"]
[Site "Bad Sooden- Allendorf"]
[Date "2011.05.01"]
[Round "2.53"]
[White "Schiller, Hans"]
[Black "Rost van Tonningen, Otto"]
[Result "1/2-1/2"]
[WhiteElo "1856"]
[BlackElo "2017"]
[PlyCount "45"]
[EventDate "2011.??.??"]

1. d4 e6 2. Nf3 b5 3. Bf4 Nf6 4. e3 a6 5. Bd3 Nh5 6. Bg5 Be7 7. Bxe7 Qxe7 8.
Nbd2 Bb7 9. O-O Nf6 10. c3 d6 11. a4 O-O 12. axb5 axb5 13. Rxa8 Bxa8 14. Bxb5
Nbd7 15. b4 Nb6 16. Bd3 Nbd5 17. Qa1 c6 18. b5 cxb5 19. Bxb5 Qc7 20. c4 Ne7 21.
Qb1 Rb8 22. Qd3 h6 23. h3 1/2-1/2

[Event "Offene Hessische Senioren Einzelmeisters"]
[Site "Bad Sooden- Allendorf"]
[Date "2011.05.01"]
[Round "2.54"]
[White "Hespers, Rolf"]
[Black "Ahlberg, Günter"]
[Result "0-1"]
[WhiteElo "1784"]
[BlackElo "2052"]
[PlyCount "84"]
[EventDate "2011.??.??"]

1. d4 c6 2. c4 d5 3. cxd5 cxd5 4. Nc3 Nc6 5. Nf3 Nf6 6. e3 Bf5 7. a3 e6 8. Nh4
Bg6 9. Nxg6 hxg6 10. Be2 Bd6 11. h3 Rc8 12. Bd2 a6 13. Qa4 Nd7 14. Bxa6 Ra8 15.
b4 Rxa6 16. Qd1 Ra8 17. Nb5 Bb8 18. a4 Qe7 19. Qb3 Nb6 20. O-O Nc4 21. Bc3 Nd6
22. Na3 Ne4 23. b5 Nxc3 24. Qxc3 Qd6 25. f4 Ne7 26. Qc2 O-O 27. Rfc1 Nf5 28.
Kf2 Qe7 29. g3 Nd6 30. Qb3 Ne4+ 31. Kg2 g5 32. Rc2 gxf4 33. exf4 Bd6 34. Raa2
Rfc8 35. Nb1 Qf6 36. Rxc8+ Rxc8 37. a5 Qxd4 38. a6 bxa6 39. bxa6 Nc5 40. Qa3
Qe4+ 41. Kh2 Qxb1 42. Rb2 Qd3 0-1

[Event "Offene Hessische Senioren Einzelmeisters"]
[Site "Bad Sooden- Allendorf"]
[Date "2011.05.01"]
[Round "2.55"]
[White "Schumacher, Helmut"]
[Black "Schneidereit, Manfred"]
[Result "1-0"]
[WhiteElo "2085"]
[BlackElo "1822"]
[PlyCount "60"]
[EventDate "2011.??.??"]

1. d4 Nf6 2. Nc3 d5 3. Bg5 e6 4. e4 dxe4 5. Nxe4 Be7 6. Bxf6 Bxf6 7. Nf3 O-O 8.
Qd2 h6 9. O-O-O Be7 10. Kb1 b6 11. h4 Bb7 12. Bd3 Nd7 13. Rh3 f5 14. Nc3 Bd6
15. Re1 Qf6 16. Qe2 Bd5 17. Ne5 Bxe5 18. dxe5 Qf7 19. Nxd5 exd5 20. e6 Qe7 21.
exd7 Qxd7 22. Re3 c5 23. Re7 Qa4 24. Qe6+ Kh8 25. Qg6 Qd4 26. Bxf5 Rxf5 27.
Qxf5 Rg8 28. Re8 Qa4 29. Rxg8+ Kxg8 30. Qxd5+ Kf8 1-0

[Event "Offene Hessische Senioren Einzelmeisters"]
[Site "Bad Sooden- Allendorf"]
[Date "2011.05.01"]
[Round "2.56"]
[White "Knaak, Hans"]
[Black "Huhn, Ulrich"]
[Result "1/2-1/2"]
[WhiteElo "1768"]
[BlackElo "2030"]
[PlyCount "114"]
[EventDate "2011.??.??"]

1. d4 d5 2. c4 c6 3. Nc3 Nf6 4. Nf3 Bf5 5. e3 e6 6. Bd3 Bg6 7. Ne5 Nbd7 8. Nxg6
hxg6 9. Qc2 Bb4 10. Bd2 Qc7 11. f4 dxc4 12. Bxc4 Bxc3 13. bxc3 b5 14. Be2 Nb6
15. Bf3 Nc4 16. Bc1 Nd5 17. Qd3 Rb8 18. g3 Qa5 19. Bxd5 cxd5 20. a3 a6 21. O-O
f5 22. Rf2 Nd6 23. Rfa2 Rc8 24. Bb2 Ne4 25. a4 O-O 26. axb5 Qxb5 27. Qxb5 axb5
28. Ra3 Rf7 29. Rb3 Rb7 30. Ra5 $11 Rcb8 31. Ba3 Nd2 32. Rb4 Nc4 33. Ra6 Rb6
34. Rxb6 Rxb6 35. Bc1 Ra6 36. Rb1 Ra2 37. h3 Kf7 38. Kf1 $11 Ke7 39. Kg1 Kd7
40. Kf1 Kc6 41. Kg1 Kb6 42. Kf1 Nd6 43. Bb2 Ne4 44. Ke1 Nxg3 45. Kd2 Ne4+ 46.
Kc2 Nd6 47. Kb3 Ra7 48. Rg1 Nc4 49. Bc1 Ra1 50. Kc2 Ra7 51. Rxg6 Re7 52. h4 Kc6
53. Kb3 Kb6 54. Kb4 Nd6 55. Kb3 Nc4 56. h5 Kc6 57. Ba3 Nxa3 1/2-1/2

[Event "Offene Hessische Senioren Einzelmeisters"]
[Site "Bad Sooden- Allendorf"]
[Date "2011.05.01"]
[Round "2.57"]
[White "Bendisch, Dr. Jürgen"]
[Black "Dinius, Helmut"]
[Result "1/2-1/2"]
[WhiteElo "1963"]
[BlackElo "1774"]
[PlyCount "86"]
[EventDate "2011.??.??"]

1. d4 d5 2. Nf3 Nf6 3. Bf4 Bf5 4. c3 e6 5. e3 Bd6 6. Bg3 Bxg3 7. hxg3 h6 8. Bd3
Nbd7 9. Qc2 Bxd3 10. Qxd3 a6 11. Nbd2 Qe7 12. O-O O-O 13. e4 dxe4 14. Nxe4 Nxe4
15. Qxe4 c6 16. Rfe1 Qf6 17. Re2 Rab8 18. Rae1 Rfd8 19. Qc2 Kh8 20. Ne5 Nxe5
21. Rxe5 Rd5 22. R1e3 Rxe5 23. dxe5 Qe7 24. Rd3 Rd8 25. Qd2 Rxd3 26. Qxd3 Kg8
27. b4 f6 28. exf6 Qxf6 29. f3 Kf7 30. Kf2 Ke7 31. Qe3 Kf7 32. Qf4 Qxf4 33.
gxf4 Ke7 34. Ke3 Kd6 35. Ke4 g6 36. c4 b6 37. Kd4 c5+ 38. bxc5+ bxc5+ 39. Ke4
a5 40. a4 h5 41. g3 Kd7 42. Ke5 Ke7 43. Ke4 Kf6 1/2-1/2